<?xml version="1.0" encoding="UTF-8"?>
<record
    xmlns:xsi="http://www.w3.org/2001/XMLSchema-instance"
    xsi:schemaLocation="http://www.loc.gov/MARC21/slim http://www.loc.gov/standards/marcxml/schema/MARC21slim.xsd"
    xmlns="http://www.loc.gov/MARC21/slim">

  <leader>00830nam a22002297a 4500</leader>
  <controlfield tag="005">20240124142752.0</controlfield>
  <datafield tag="010" ind1=" " ind2=" ">
    <subfield code="a">ENG-116991 ENG-138985</subfield>
  </datafield>
  <datafield tag="020" ind1=" " ind2=" ">
    <subfield code="a">9789352602957</subfield>
    <subfield code="c">525.00</subfield>
  </datafield>
  <datafield tag="020" ind1=" " ind2=" ">
    <subfield code="a">9789355322470</subfield>
    <subfield code="c">700.00</subfield>
  </datafield>
  <datafield tag="035" ind1=" " ind2=" ">
    <subfield code="a">EN-100523</subfield>
  </datafield>
  <datafield tag="035" ind1=" " ind2=" ">
    <subfield code="a">EN-122517</subfield>
  </datafield>
  <datafield tag="037" ind1=" " ind2=" ">
    <subfield code="b">DBAD/PUB</subfield>
  </datafield>
  <datafield tag="082" ind1=" " ind2=" ">
    <subfield code="a">910</subfield>
  </datafield>
  <datafield tag="100" ind1=" " ind2=" ">
    <subfield code="a">Majid Husain</subfield>
    <subfield code="9">61249</subfield>
  </datafield>
  <datafield tag="245" ind1=" " ind2=" ">
    <subfield code="a">India and world geography :</subfield>
    <subfield code="c">By Majid Husain and Edited By Tasawwur Husain Zaidi</subfield>
    <subfield code="b">Civil Services preliminary and main examinations /</subfield>
  </datafield>
  <datafield tag="250" ind1=" " ind2=" ">
    <subfield code="a">4th ed. and 6th </subfield>
  </datafield>
  <datafield tag="260" ind1=" " ind2=" ">
    <subfield code="a">Tamil Nadu</subfield>
    <subfield code="b">McGraw Hill Education </subfield>
    <subfield code="c">2017</subfield>
  </datafield>
  <datafield tag="270" ind1=" " ind2=" ">
    <subfield code="a">Anjana Complex No. 5/90 A, Butt Road,  St. Thomas Mount</subfield>
    <subfield code="b">Tamil Nadu</subfield>
    <subfield code="e">600016</subfield>
  </datafield>
  <datafield tag="300" ind1=" " ind2=" ">
    <subfield code="a">various pagings :</subfield>
    <subfield code="c">25cm(pbk)</subfield>
    <subfield code="b">ill.,maps</subfield>
  </datafield>
  <datafield tag="700" ind1=" " ind2=" ">
    <subfield code="a">Zaidi, Tasawwur Husain </subfield>
    <subfield code="e">Editor</subfield>
    <subfield code="9">61250</subfield>
  </datafield>
  <datafield tag="942" ind1=" " ind2=" ">
    <subfield code="2">ddc</subfield>
    <subfield code="c">EN</subfield>
    <subfield code="h">910</subfield>
    <subfield code="m">MAJ</subfield>
  </datafield>
  <datafield tag="999" ind1=" " ind2=" ">
    <subfield code="c">105646</subfield>
    <subfield code="d">105646</subfield>
  </datafield>
  <datafield tag="952" ind1=" " ind2=" ">
    <subfield code="0">0</subfield>
    <subfield code="1">0</subfield>
    <subfield code="4">0</subfield>
    <subfield code="7">1</subfield>
    <subfield code="8">NFIC</subfield>
    <subfield code="a">DBAD</subfield>
    <subfield code="b">BN</subfield>
    <subfield code="d">2016-12-29</subfield>
    <subfield code="e">DBAD/PUB</subfield>
    <subfield code="g">525.00</subfield>
    <subfield code="l">0</subfield>
    <subfield code="o">910 MAJ</subfield>
    <subfield code="p">EN-100523</subfield>
    <subfield code="r">2016-12-29 00:00:00</subfield>
    <subfield code="t">1</subfield>
    <subfield code="v">525.00</subfield>
    <subfield code="y">EN</subfield>
  </datafield>
  <datafield tag="952" ind1=" " ind2=" ">
    <subfield code="0">0</subfield>
    <subfield code="1">0</subfield>
    <subfield code="4">0</subfield>
    <subfield code="7">0</subfield>
    <subfield code="8">NFIC</subfield>
    <subfield code="a">TN</subfield>
    <subfield code="b">TN</subfield>
    <subfield code="d">2024-01-24</subfield>
    <subfield code="e">DBAD/PUB</subfield>
    <subfield code="g">700.00</subfield>
    <subfield code="l">0</subfield>
    <subfield code="o">910 MAJ</subfield>
    <subfield code="p">EN-122517</subfield>
    <subfield code="r">2024-01-24 00:00:00</subfield>
    <subfield code="t">1</subfield>
    <subfield code="v">700.00</subfield>
    <subfield code="w">2024-01-24</subfield>
    <subfield code="y">EN</subfield>
  </datafield>
</record>
